| 000 | 01114cam a22003493a 4500 | ||
|---|---|---|---|
| 001 | 2472 | ||
| 005 | 20231211142837.0 | ||
| 020 | _a0439651379 (pbk.) | ||
| 020 | _a9780439651370 | ||
| 020 | _a1415603960 (BWI bdg.) | ||
| 040 |
_aBKX _cBKX _dBAKER _dDLC _beng |
||
| 050 | 0 | 0 | _aPZ7.K8369 |
| 082 | _a813.54 | ||
| 100 | 1 | _aKorman, Gordon | |
| 245 | 1 | 4 |
_aThe fugitive factor / _cGordon Korman |
| 250 | _aFirst printing, June 2005 | ||
| 260 |
_aNew York : _bScholastic, _c2005 |
||
| 300 |
_a148 pages : _c20 cm |
||
| 490 | 0 |
_aOn the run _vBook 2 |
|
| 500 | _a"An Apple paperback." | ||
| 505 | _aP | ||
| 520 | _aFugitives from justice themselves, Aiden and Meg Falconer search for evidence that will free their parents from a life sentence in prison. | ||
| 521 | 1 |
_a760 _bLexile |
|
| 521 | 1 |
_aP _bRaz-Plus |
|
| 650 | 0 |
_aFugitives from justice _vJuvenile fiction |
|
| 650 | 0 |
_aFugitives from justice _vFiction. |
|
| 650 | 0 | _aAdventure stories. | |
| 655 | 7 |
_aAdventure fiction. _2gsafd |
|
| 655 | 7 |
_aChildren's stories. _2lcsh |
|
| 906 |
_a7 _bcbc _ccopycat _d2 _encip _f20 _gy-genrareb |
||
| 942 |
_2ddc _cBK _n0 |
||
| 999 |
_c2472 _d2472 |
||